| 000 | 01038nam a22002657a 4500 | ||
|---|---|---|---|
| 001 | 9408 | ||
| 003 | FISKH | ||
| 005 | 20260106081821.0 | ||
| 008 | 260106b cb ||||| |||| 00| 0 eng d | ||
| 020 | _a9789674473723 | ||
| 040 |
_aFISKH _beng _cFISKH _dFISKH |
||
| 050 | _aPZ7 | ||
| 082 | _a372.2 | ||
| 100 |
_aAnonymous _eAuthor |
||
| 245 |
_aNumbers colours & shapes : _bThe boy is showing his ten (10) fingers a bicycle has two (2) wheels / |
||
| 260 |
_aKuala Lumpur : _bMind to mind , |
||
| 300 |
_a12 unnumbered pages : _bcolor illustrations ; _c18 cm |
||
| 505 | _aNP | ||
| 520 | _aA comprehensive guide-pack for academic success. Specially designed to provide the little learners the early needs in all aspects of everyday language usage and the keys to total school success. A handy-pack of knowledge that includes the learning of Alphabet Numbers, animals. | ||
| 521 | 8 |
_aNP
_bLexile estimate |
|
| 650 |
_aLittle learners _vEveryday language |
||
| 650 |
_aAlphabets _vNumbers |
||
| 942 |
_2ddc _cBK _n0 |
||
| 999 |
_c9408 _d9408 |
||